بعض اسرار الحياة فى الخلية الحية / (Record no. 49871)
[ view plain ]
| 000 -الفاتح | |
|---|---|
| حقل البيانات ثابتة الطول | 00550nam a2200193Ia 4500 |
| 008 - عناصر البيانات ثابتة الطول - معلومات عامة | |
| حقل البيانات ثابتة الطول | 140319s9999 xx 000 0 ara d |
| 040 ## - مصدر الفهرسة | |
| وكالة الفهرسة الأصلية | GCL / |
| وكالة النسخ | GCL |
| 082 04 - رقم تصنيف ديوى العشرى | |
| رقم التصنيف | 574.87 |
| رقم المادة | ب ب |
| 100 1# - المدخل الرئيسى - إسم شخصى | |
| الإسم الشخصى | احمد خليل |
| 245 10 - بيان العنوان | |
| العنوان | بعض اسرار الحياة فى الخلية الحية / |
| بيان المسئوليه,etc | احمد خليل |
| 700 1# - المدخل الاضافى - اسم شخصى | |
| الإسم الشخصى | بتلر، ج0ا0ف |
| 700 1# - المدخل الاضافى - اسم شخصى | |
| الإسم الشخصى | عبدالحليم نصر |
| 300 ## - الوصف المادى | |
| التعداد | 217 ص |
| 490 ## - بيان السلسلة | |
| عنوان السلسلة | الالف كتاب |
| رقم المجلد/ التعيين التسلسلي | 0 |
| 650 04 - المدخل الاضافى بالموضوع-مصطلح موضوعى | |
| مصطلح موضوعي | الخلايا |
| 650 04 - المدخل الاضافى بالموضوع-مصطلح موضوعى | |
| مصطلح موضوعي | الاحياء، علم |
| 942 ## - عناصر المدخل الإضافي( كوها) | |
| مصدر التصنيف او مخطط الترفيف | Dewey Decimal Classification |
| Koha [default] item type | كتاب |
| حالة التراجع | حالة الفقد | حالة تلف | ليس للاعارة | المكان المؤقت | الموقع الحالى | تاريخ الاكتساب | اجمالي اﻻعارات | رقم الطلب | الباركود | تاريخ اخر مشاهدة | تاريخ تفعيل السعر | نوع وعاء كوها |
|---|---|---|---|---|---|---|---|---|---|---|---|---|
| مكتبة القاهرة الكبرى | مكتبة القاهرة الكبرى | 03/26/2014 | 574.87 \ ب ب | 119636 | 03/26/2014 | 03/26/2014 | كتاب | |||||
| مكتبة القاهرة الكبرى | مكتبة القاهرة الكبرى | 03/26/2014 | 574.87 \ ب ب | 119637 | 03/26/2014 | 03/26/2014 | كتاب |

